000 00227nam a2200097Ia 4500
008 220204s9999 xx 000 0 und d
082 _a82-3
_bKAR
100 _aKartar Singh Duggal
245 0 _aTwice born twice dead
942 _cBK
999 _c29578
_d29578